[Event "177th open MGU 17-18 December 2016"]
[Site "Sofia"]
[Date "2016.12.17"]
[Round "1.1"]
[White "Gelemerov, Yane"]
[Black "Tsyntsarski, Boyko"]
[Result "1-0"]
[WhiteElo "2007"]
[BlackElo "1708"]
[PlyCount "85"]
[EventDate "2016.12.17"]
[EventType "swiss"]
[EventRounds "6"]
[EventCountry "BUL"]

1. e4 c6 2. Nf3 d5 3. Nc3 dxe4 4. Nxe4 Nd7 5. Bc4 Ngf6 6. Neg5 e6 7. d3 h6 8.
Ne4 Nxe4 9. dxe4 Be7 10. O-O O-O 11. Qe2 b5 12. Bb3 Nc5 13. c3 Nxb3 14. axb3 a5
15. Bf4 Qb6 16. Rfd1 Rd8 17. Ne5 Bb7 18. Qh5 Rxd1+ 19. Rxd1 Rd8 20. Qxf7+ Kh8
21. Re1 Bc5 22. Bxh6 Bxf2+ 23. Kh1 Rg8 24. Be3 Bxe3 25. Ng4 Rd8 26. Qh5+ Bh6
27. Nxh6 gxh6 28. Qxh6+ Kg8 29. Qxe6+ Kg7 30. Qe7+ Kh8 31. Qf6+ Kg8 32. h3 Rf8
33. Qg5+ Kh8 34. Re3 Rf1+ 35. Kh2 Qc7+ 36. Rg3 Qxg3+ 37. Qxg3 Rf7 38. Qg6 Rg7
39. Qf6 Kg8 40. g4 c5 41. g5 Bxe4 42. Qe6+ Kh8 43. Qxe4 1-0

[Event "177th open MGU 17-18 December 2016"]
[Site "Sofia"]
[Date "2016.12.17"]
[Round "1.2"]
[White "Kosturkov, Krasimir"]
[Black "Andreev, Dobrotich"]
[Result "0-1"]
[WhiteElo "1673"]
[BlackElo "1973"]
[PlyCount "74"]
[EventDate "2016.12.17"]
[EventType "swiss"]
[EventRounds "6"]
[EventCountry "BUL"]

1. c4 e6 2. Nc3 d5 3. cxd5 exd5 4. d4 Nf6 5. Nf3 c6 6. g3 Be7 7. Bg2 O-O 8. O-O
Bf5 9. Ne5 Nbd7 10. Nxd7 Qxd7 11. Re1 Rfe8 12. f3 Bh3 13. e4 dxe4 14. fxe4 Bxg2
15. Kxg2 Bb4 16. e5 Nd5 17. Bd2 Bxc3 18. bxc3 Nb6 19. Qb3 Re6 20. Rad1 Qd5+ 21.
Qxd5 cxd5 22. Rb1 Rc8 23. Rec1 Nc4 24. Be1 b6 25. Rb5 a6 26. Rb4 Rec6 27. Kf2
f6 28. exf6 Rxf6+ 29. Ke2 Re8+ 30. Kd3 Rf3+ 31. Kc2 Re2+ 32. Kb1 Na3+ 33. Ka1
Nc2+ 34. Rxc2 Rxc2 35. Rxb6 Rc1+ 36. Rb1 Rxb1+ 37. Kxb1 Rf1 0-1

[Event "177th open MGU 17-18 December 2016"]
[Site "Sofia"]
[Date "2016.12.17"]
[Round "1.3"]
[White "Ruschukov, Boyan"]
[Black "Georgiev, Nikolay Zh"]
[Result "1-0"]
[WhiteElo "1861"]
[BlackElo "1594"]
[PlyCount "49"]
[EventDate "2016.12.17"]
[EventType "swiss"]
[EventRounds "6"]
[EventCountry "BUL"]

1. c4 e5 2. Nc3 g6 3. Nf3 Bg7 4. d4 exd4 5. Nxd4 Ne7 6. e4 O-O 7. Be3 d6 8. Be2
Nbc6 9. O-O Nxd4 10. Bxd4 Nc6 11. Bxg7 Kxg7 12. Nd5 Be6 13. b4 Bxd5 14. cxd5
Nxb4 15. Qd4+ Qf6 16. Qxb4 b6 17. Rac1 a5 18. Qc3 Rfe8 19. f3 Ra7 20. Qxf6+
Kxf6 21. a4 Kg5 22. g3 f5 23. Rc4 Re7 24. Bd3 Ra8 25. Rfc1 1-0

[Event "177th open MGU 17-18 December 2016"]
[Site "Sofia"]
[Date "2016.12.17"]
[Round "1.4"]
[White "Ilichov, Ivan"]
[Black "Ignatov, Bojidar"]
[Result "0-1"]
[WhiteElo "1378"]
[BlackElo "1806"]
[PlyCount "128"]
[EventDate "2016.12.17"]
[EventType "swiss"]
[EventRounds "6"]
[EventCountry "BUL"]

1. e4 c5 2. Nf3 d6 3. d4 cxd4 4. Nxd4 Nf6 5. Nc3 e6 6. Bd3 Nc6 7. Nf3 Be7 8.
O-O a6 9. Be3 b5 10. a3 Bb7 11. Re1 O-O 12. h3 Rc8 13. Qd2 Qc7 14. Ne2 Nd7 15.
Bf4 Nce5 16. Nxe5 Nxe5 17. Rac1 Rfd8 18. Bxe5 dxe5 19. Ng3 Rd7 20. Re3 Bg5 21.
Nf1 g6 22. Qe2 Rf8 23. Nd2 Bxe3 24. Qxe3 f5 25. f3 Qd6 26. Nb3 fxe4 27. fxe4
Rdf7 28. Rd1 Rf4 29. Nd2 Qd4 30. Qxd4 exd4 31. Nb3 Bxe4 32. Bxe4 Rxe4 33. Nc5
Re2 34. Rxd4 Rff2 35. Rg4 Rxc2 36. b4 Rfe2 37. Nxa6 Re3 38. Nc5 Rxa3 39. Nxe6
Rc4 40. Rg5 Re3 41. Nd8 Rxb4 42. Nc6 Rb2 43. Nd4 b4 44. Rb5 Kg7 45. Nc6 b3 46.
Nd4 Rd3 47. Ne6+ Kh6 48. Rb4 Rd5 49. Nd4 Rd2 50. Nxb3 Rb2 51. Rh4+ Rh5 52.
Rxh5+ Kxh5 53. Nd4 g5 54. Nf3 Kg6 55. Kh2 h5 56. Kg1 Kf5 57. g3 g4 58. hxg4+
Kxg4 59. Nh2+ Kxg3 60. Nf1+ Kf4 61. Nh2 h4 62. Nf1 h3 63. Kh1 Rb7 64. Kg1 Kf3
0-1

[Event "177th open MGU 17-18 December 2016"]
[Site "Sofia"]
[Date "2016.12.17"]
[Round "2.1"]
[White "Ignatov, Bojidar"]
[Black "Gelemerov, Yane"]
[Result "1/2-1/2"]
[WhiteElo "1806"]
[BlackElo "2007"]
[PlyCount "79"]
[EventDate "2016.12.17"]
[EventType "swiss"]
[EventRounds "6"]
[EventCountry "BUL"]

1. d4 Nf6 2. c4 d6 3. Nc3 Nbd7 4. e4 e5 5. Nf3 c6 6. Be2 Be7 7. O-O Qc7 8. b4
a5 9. b5 O-O 10. Re1 Re8 11. Bf1 Nf8 12. h3 Bd7 13. a4 Rad8 14. bxc6 bxc6 15.
d5 cxd5 16. Nxd5 Nxd5 17. cxd5 f5 18. Bd2 fxe4 19. Rxe4 Bf5 20. Rc4 Qa7 21. Qb3
Rb8 22. Qc3 Bd8 23. Be3 Qf7 24. Rd1 Bd7 25. Kh2 Ng6 26. Ng5 Bxg5 27. Bxg5 Qxf2
28. Be3 Qf6 29. Qxa5 Ra8 30. Qc7 Bxa4 31. Ra1 Bb3 32. Rxa8 Rxa8 33. Qb7 Rf8 34.
Rc7 Rf7 35. Be2 Rxc7 36. Qxc7 Bxd5 37. Qc8+ Qf8 38. Qc7 Nf4 39. Bc4 Bxc4 40.
Qxc4+ 1/2-1/2

[Event "177th open MGU 17-18 December 2016"]
[Site "Sofia"]
[Date "2016.12.17"]
[Round "2.2"]
[White "Andreev, Dobrotich"]
[Black "Ruschukov, Boyan"]
[Result "1-0"]
[WhiteElo "1973"]
[BlackElo "1861"]
[PlyCount "63"]
[EventDate "2016.12.17"]
[EventType "swiss"]
[EventRounds "6"]
[EventCountry "BUL"]

1. e4 c5 2. Nf3 d6 3. d4 cxd4 4. Nxd4 Nf6 5. Bb5+ Nbd7 6. Qe2 a6 7. Bxd7+ Bxd7
8. Nc3 e6 9. O-O Be7 10. Rd1 b5 11. e5 dxe5 12. Nf3 b4 13. Ne4 Qc7 14. Bg5 Nd5
15. Bxe7 Kxe7 16. Qd2 h6 17. a3 a5 18. Ng3 f6 19. Nh4 Rhc8 20. axb4 Qxc2 21.
Ngf5+ Kf7 22. Qxc2 Rxc2 23. Ne3 Rxb2 24. Nxd5 exd5 25. Rxd5 Be6 26. Rdxa5 Rxa5
27. bxa5 Ra2 28. Rxa2 Bxa2 29. Kf1 Bc4+ 30. Ke1 e4 31. Kd2 Bf1 32. g3 1-0

[Event "177th open MGU 17-18 December 2016"]
[Site "Sofia"]
[Date "2016.12.17"]
[Round "2.3"]
[White "Tsyntsarski, Boyko"]
[Black "Ilichov, Ivan"]
[Result "1-0"]
[WhiteElo "1708"]
[BlackElo "1378"]
[PlyCount "29"]
[EventDate "2016.12.17"]
[EventType "swiss"]
[EventRounds "6"]
[EventCountry "BUL"]

1. d4 Nf6 2. Nf3 d5 3. c4 Bg4 4. e3 c6 5. Nc3 e6 6. Bd2 Na6 7. c5 Nc7 8. b4 b5
9. a4 a6 10. h3 Bxf3 11. Qxf3 g6 12. axb5 axb5 13. Rxa8 Qxa8 14. Qxf6 Qa1+ 15.
Nd1 1-0

[Event "177th open MGU 17-18 December 2016"]
[Site "Sofia"]
[Date "2016.12.17"]
[Round "2.4"]
[White "Georgiev, Nikolay Zh"]
[Black "Kosturkov, Krasimir"]
[Result "0-1"]
[WhiteElo "1594"]
[BlackElo "1673"]
[PlyCount "62"]
[EventDate "2016.12.17"]
[EventType "swiss"]
[EventRounds "6"]
[EventCountry "BUL"]

1. e4 d6 2. d4 Nf6 3. Nc3 g6 4. f4 Bg7 5. Nf3 O-O 6. Be2 b6 7. O-O Bb7 8. Qd3
c5 9. e5 dxe5 10. dxe5 Qxd3 11. Bxd3 Nd5 12. Nxd5 Bxd5 13. b3 Nc6 14. c4 Bxf3
15. Rxf3 Rad8 16. Be4 Rd1+ 17. Rf1 Rxf1+ 18. Kxf1 Nd4 19. Bb2 Rd8 20. Rd1 Ne6
21. Rxd8+ Nxd8 22. Bd5 Kf8 23. Ke2 Ke8 24. Ke3 Kd7 25. g3 Ne6 26. Bxe6+ Kxe6
27. Ke4 h5 28. h3 f5+ 29. exf6 exf6 30. g4 f5+ 31. gxf5+ gxf5+ 0-1

[Event "177th open MGU 17-18 December 2016"]
[Site "Sofia"]
[Date "2016.12.17"]
[Round "3.1"]
[White "Gelemerov, Yane"]
[Black "Andreev, Dobrotich"]
[Result "1-0"]
[WhiteElo "2007"]
[BlackElo "1973"]
[PlyCount "49"]
[EventDate "2016.12.17"]
[EventType "swiss"]
[EventRounds "6"]
[EventCountry "BUL"]

1. e4 c6 2. Nf3 d5 3. Nc3 Bg4 4. h3 Bxf3 5. Qxf3 e6 6. a3 dxe4 7. Nxe4 Nf6 8.
Nxf6+ Qxf6 9. Qxf6 gxf6 10. d4 Bd6 11. Be3 Nd7 12. g3 O-O-O 13. c4 Rhg8 14. b4
a6 15. Rb1 e5 16. Bd3 exd4 17. Bxd4 Rge8+ 18. Kf1 Nf8 19. Bxf6 Be7 20. Bf5+ Kc7
21. Bc3 b6 22. Kg2 Bd6 23. Rhe1 a5 24. c5 bxc5 25. bxc5 1-0

[Event "177th open MGU 17-18 December 2016"]
[Site "Sofia"]
[Date "2016.12.17"]
[Round "3.2"]
[White "Ruschukov, Boyan"]
[Black "Ignatov, Bojidar"]
[Result "0-1"]
[WhiteElo "1861"]
[BlackElo "1806"]
[PlyCount "112"]
[EventDate "2016.12.17"]
[EventType "swiss"]
[EventRounds "6"]
[EventCountry "BUL"]

1. d4 d5 2. c4 e6 3. Nc3 Nf6 4. Nf3 Be7 5. Bf4 O-O 6. e3 a6 7. c5 c6 8. b4 Nh5
9. Bd3 Nxf4 10. exf4 Nd7 11. O-O f5 12. Re1 Nf6 13. Ne5 Ne8 14. Na4 Nc7 15. Nb6
Rb8 16. a4 Bf6 17. Qe2 Bxe5 18. Qxe5 Bd7 19. Qd6 Be8 20. Re3 Rf6 21. Rae1 Rh6
22. h3 Bf7 23. Nd7 Rc8 24. Ne5 Be8 25. Qxd8 Rxd8 26. g4 Rf6 27. gxf5 exf5 28.
Nf3 h6 29. Re7 Rf7 30. Nh4 Rxe7 31. Rxe7 Rd7 32. Rxd7 Bxd7 33. Nxf5 Ne6 34. Nd6
Nd8 35. f5 Kf8 36. Kg2 Ke7 37. Kg3 b5 38. a5 Nf7 39. Kf4 Nxd6 40. cxd6+ Kxd6
41. Be2 Be8 42. Bg4 Bd7 43. h4 Be8 44. h5 Bd7 45. f6 gxf6 46. Bxd7 Kxd7 47. Kf5
Ke7 48. Kg6 c5 49. Kxh6 cxb4 50. Kg7 b3 51. h6 b2 52. h7 b1=Q 53. h8=Q Qg1+ 54.
Kh7 Qh2+ 55. Kg7 Qxh8+ 56. Kxh8 b4 0-1

[Event "177th open MGU 17-18 December 2016"]
[Site "Sofia"]
[Date "2016.12.17"]
[Round "3.5"]
[White "Ilichov, Ivan"]
[Black "Georgiev, Nikolay Zh."]
[Result "0-1"]
[WhiteElo "1378"]
[BlackElo "1594"]
[PlyCount "130"]
[EventDate "2016.12.17"]
[EventType "swiss"]
[EventRounds "6"]
[EventCountry "BUL"]

1. e4 e5 2. Nf3 Nc6 3. Bb5 Bc5 4. Bxc6 dxc6 5. Nxe5 Qd4 6. Nd3 Qxe4+ 7. Qe2
Qxe2+ 8. Kxe2 Bd6 9. Re1 Ne7 10. c4 Bf5 11. Nc3 O-O-O 12. g3 Rhe8 13. Nd1 Ng6+
14. Ne3 Bxd3+ 15. Kxd3 Bxg3+ 16. Ke2 Nf4+ 17. Kf3 Nd3 18. Rg1 Be5 19. Rb1 Nxc1
20. Rgxc1 Rxd2 21. Rc2 Rxc2 22. Nxc2 Bxh2 23. b3 h6 24. Ne1 Be5 25. Nd3 Bd4 26.
Rd1 c5 27. Nf4 g6 28. Rh1 h5 29. Nh3 Re5 30. Rg1 Kd7 31. Ng5 Ke7 32. Ne4 Rf5+
33. Ke2 b6 34. Re1 f6 35. Kf1 Kf7 36. Kg2 Re5 37. f3 Kg7 38. Kf1 g5 39. Re2 Kg6
40. Rg2 Re7 41. Ng3 Be5 42. Re2 Bd6 43. Rg2 Bxg3 44. Rxg3 Kf5 45. Kf2 Rd7 46.
Ke3 Rd4 47. Rh3 h4 48. Rh1 c6 49. a4 a6 50. Rh2 b5 51. axb5 axb5 52. cxb5 cxb5
53. Ra2 Rb4 54. Ra3 c4 55. bxc4 Rxc4 56. Rd3 b4 57. Rd5+ Ke6 58. Rb5 Rc3+ 59.
Ke4 b3 60. Rb6+ Kf7 61. f4 gxf4 62. Kxf4 h3 63. Kf5 Rc5+ 64. Kg4 h2 65. Rb7+
Kg6 0-1

[Event "177th open MGU 17-18 December 2016"]
[Site "Sofia"]
[Date "2016.12.18"]
[Round "4.2"]
[White "Georgiev, Nikolay Zh."]
[Black "Gelemerov, Yane"]
[Result "0-1"]
[WhiteElo "1594"]
[BlackElo "2007"]
[PlyCount "66"]
[EventDate "2016.12.17"]
[EventType "swiss"]
[EventRounds "6"]
[EventCountry "BUL"]

1. e4 e5 2. Nc3 Bc5 3. Bc4 Nf6 4. d3 Nc6 5. Be3 Bxe3 6. fxe3 Na5 7. Nge2 Nxc4
8. dxc4 d6 9. O-O Bg4 10. h3 Bh5 11. Qe1 Qd7 12. Ng3 Bg6 13. Nf5 O-O-O 14. Qh4
Bxf5 15. Rxf5 Qe6 16. b3 Nd7 17. a4 c6 18. Rd1 g6 19. Rf2 f5 20. Rfd2 Nf6 21.
exf5 gxf5 22. Qf2 Ne8 23. e4 f4 24. Qxa7 Rg8 25. Rd3 Rd7 26. Kf1 Rdg7 27. R1d2
Rg3 28. Rxg3 Rxg3 29. Rd3 Rg8 30. Qf2 Nf6 31. Qe2 Rg5 32. Rf3 Nh5 33. Ke1 Ng3
$138 0-1

[Event "177th open MGU 17-18 December 2016"]
[Site "Sofia"]
[Date "2016.12.18"]
[Round "4.3"]
[White "Tsyntsarski, Boyko"]
[Black "Kostov, Nikolay"]
[Result "0-1"]
[WhiteElo "1708"]
[BlackElo "1702"]
[PlyCount "96"]
[EventDate "2016.12.17"]
[EventType "swiss"]
[EventRounds "6"]
[EventCountry "BUL"]

1. d4 Nf6 2. Nf3 e6 3. g3 d5 4. c4 dxc4 5. Qa4+ Nc6 6. Qxc4 Bb4+ 7. Bd2 Qd5 8.
Qxd5 exd5 9. a3 Bd6 10. Bg2 Ne4 11. Nc3 Nxd2 12. Kxd2 Na5 13. Kc2 Bf5+ 14. e4
dxe4 15. Nh4 Bd7 16. Bxe4 O-O-O 17. Bf5 g6 18. Bxd7+ Rxd7 19. Rad1 a6 20. Nf3
Nc4 21. Ne4 Be7 22. Ne5 Nxe5 23. dxe5 Rhd8 24. Rxd7 Rxd7 25. Rd1 c5 26. Rd3
Rxd3 27. Kxd3 Kc7 28. Nc3 Kc6 29. Ke4 f5+ 30. Kf4 b5 31. g4 fxg4 32. Kxg4 b4
33. axb4 cxb4 34. Na4 Kd5 35. f4 h5+ 36. Kf3 Kc4 37. Nb6+ Kb3 38. Nd5 Bf8 39.
e6 Kxb2 40. e7 Bxe7 41. Nxe7 b3 42. Nxg6 Kc3 43. f5 b2 44. f6 b1=Q 45. Nf4 Qf5
46. h3 Kc4 47. Ke3 Qe5+ 48. Kf3 Qxf6 0-1

[Event "177th open MGU 17-18 December 2016"]
[Site "Sofia"]
[Date "2016.12.18"]
[Round "4.4"]
[White "Punchev, Ivan"]
[Black "Ruschukov, Boyan"]
[Result "0-1"]
[WhiteElo "1762"]
[BlackElo "1861"]
[PlyCount "52"]
[EventDate "2016.12.17"]
[EventType "swiss"]
[EventRounds "6"]
[EventCountry "BUL"]

1. d4 Nf6 2. e3 e6 3. Bd3 c5 4. f4 Nc6 5. Nf3 d5 6. c3 cxd4 7. exd4 Be7 8. O-O
Ne4 9. Nbd2 f5 10. Re1 O-O 11. Re3 Kh8 12. Ne5 Nxe5 13. fxe5 Qe8 14. Rh3 Ng5
15. Rg3 Qf7 16. Nf3 Ne4 17. Rh3 g5 18. g4 fxg4 19. Nxg5 Qf2+ 20. Kh1 gxh3 21.
Nxh3 Qf3+ 22. Qxf3 Rxf3 23. Nf4 Bg5 24. Kg2 Rf2+ 25. Kg1 Rxf4 26. Bxf4 Bxf4 0-1

[Event "177th open MGU 17-18 December 2016"]
[Site "Sofia"]
[Date "2016.12.18"]
[Round "4.5"]
[White "Tenev, Bogdan"]
[Black "Ilichov, Ivan"]
[Result "1/2-1/2"]
[WhiteElo "1459"]
[BlackElo "1378"]
[PlyCount "111"]
[EventDate "2016.12.17"]
[EventType "swiss"]
[EventRounds "6"]
[EventCountry "BUL"]

1. d4 Nf6 2. Nc3 g6 3. g3 Bg7 4. Bg2 O-O 5. e4 d6 6. Nge2 e5 7. dxe5 dxe5 8.
O-O c6 9. Bg5 Be6 10. Qxd8 Rxd8 11. Rad1 Na6 12. a3 Nc7 13. b3 b6 14. h3 c5 15.
f4 Rxd1 16. Rxd1 Nd7 17. fxe5 Nxe5 18. Bf4 Re8 19. Kf2 Kf8 20. Nd5 Rd8 21. Ne3
Rxd1 22. Nxd1 Nb5 23. a4 Nd6 24. Bxe5 Bxe5 25. Kf3 Ke7 26. Nf4 f5 27. exf5 Nxf5
28. Nxe6 Kxe6 29. Ne3 Nxg3 30. Nc4 Bc7 31. Kg4 Ne2 32. Ne3 Nf4 33. Be4 Ke5 34.
Bb7 h5+ 35. Kg5 Bd8+ 36. Kh6 Nxh3 37. Kxg6 Nf4+ 38. Kf7 h4 39. Ng2 Nxg2 40.
Bxg2 Kd4 41. Ke8 Bg5 42. Kd7 Kc3 43. Be4 h3 44. Kc6 h2 45. Kb7 Kd4 46. Bh1 Kc3
47. Be4 Kb4 48. Kxa7 b5 49. axb5 Kxb5 50. Bh1 Be3 51. Kb7 Kb4 52. Kc6 Kc3 53.
Be4 Kd2 54. Kb5 Ke2 55. b4 cxb4 56. Kxb4 1/2-1/2

[Event "177th open MGU 17-18 December 2016"]
[Site "Sofia"]
[Date "2016.12.18"]
[Round "5.1"]
[White "Gelemerov, Yane"]
[Black "Ruschukov, Boyan"]
[Result "1-0"]
[WhiteElo "2007"]
[BlackElo "1861"]
[PlyCount "137"]
[EventDate "2016.12.17"]
[EventType "swiss"]
[EventRounds "6"]
[EventCountry "BUL"]

1. e4 c5 2. Nc3 Nc6 3. f4 g6 4. Nf3 Bg7 5. Bb5 a6 6. Bxc6 bxc6 7. O-O d6 8. d3
Nf6 9. Bd2 O-O 10. Qe1 Ne8 11. Rd1 Nc7 12. b3 Nb5 13. a4 Nd4 14. Nxd4 cxd4 15.
Ne2 c5 16. f5 d5 17. fxg6 fxg6 18. Rxf8+ Bxf8 19. exd5 Bg4 20. h3 Bxe2 21. Qxe2
Qxd5 22. Re1 Rd8 23. Bf4 Kf7 24. Qf2 Ke8 25. Qh4 Qf7 26. Bg3 Rd5 27. Kh2 e6 28.
Qg4 Kd7 29. Re4 Rf5 30. Qe2 Bd6 31. Bxd6 Kxd6 32. Qe1 Qf6 33. Qa5 Qe7 34. Qxa6+
Kd7 35. Qb7+ Ke8 36. Qxe7+ Kxe7 37. Kg1 Kd6 38. Re2 Rf7 39. Rf2 Rb7 40. Kf1 e5
41. Ke1 Kd5 42. Rf8 Re7 43. Rf2 Rb7 44. Kd2 e4 45. dxe4+ Kxe4 46. Re2+ Kd5 47.
Kd3 Rf7 48. c3 dxc3 49. Kxc3 Rf1 50. Re7 Rc1+ 51. Kb2 Rf1 52. Re2 Rf4 53. Kc3
Rf1 54. Ra2 Rc1+ 55. Kd3 Rb1 56. Kc3 Rc1+ 57. Rc2 Rg1 58. b4 cxb4+ 59. Kxb4
Rb1+ 60. Ka5 Ra1 61. Kb5 Rb1+ 62. Ka6 Kd4 63. a5 Kd3 64. Rc5 Rb2 65. g3 Ke4 66.
Rb5 Rh2 67. h4 Kf3 68. Rb3+ Kg4 69. Kb6 1-0

[Event "177th open MGU 17-18 December 2016"]
[Site "Sofia"]
[Date "2016.12.18"]
[Round "5.2"]
[White "Andreev, Dobrotich"]
[Black "Kostov, Nikolay"]
[Result "1-0"]
[WhiteElo "1973"]
[BlackElo "1702"]
[PlyCount "69"]
[EventDate "2016.12.17"]
[EventType "swiss"]
[EventRounds "6"]
[EventCountry "BUL"]

1. e4 e5 2. Nf3 Nc6 3. d4 exd4 4. Nxd4 Bc5 5. Be3 Qf6 6. c3 d6 7. Bb5 Bd7 8.
O-O Bb6 9. Nd2 Nge7 10. Nc4 Qg6 11. Re1 Bxd4 12. cxd4 a6 13. Bxc6 Bxc6 14. f3
O-O 15. d5 Bd7 16. Bd4 b5 17. Ne3 f5 18. e5 f4 19. exd6 Qxd6 20. Ng4 Nxd5 21.
Rc1 Rf5 22. Be5 Qb6+ 23. Bd4 Qb7 24. Ne5 Be8 25. Qe2 g6 26. Ng4 Rh5 27. Qf2 Bf7
28. Ne5 Re8 29. Re4 Re7 30. Nc6 Rxe4 31. fxe4 Ne3 32. Qxf4 Nc4 33. Qxf7+ Kxf7
34. Nd8+ Ke8 35. Nxb7 1-0

[Event "177th open MGU 17-18 December 2016"]
[Site "Sofia"]
[Date "2016.12.18"]
[Round "5.3"]
[White "Tsyntsarski, Boyko"]
[Black "Ignatov, Bojidar"]
[Result "0-1"]
[WhiteElo "1708"]
[BlackElo "1806"]
[PlyCount "90"]
[EventDate "2016.12.17"]
[EventType "swiss"]
[EventRounds "6"]
[EventCountry "BUL"]

1. e4 c5 2. Nf3 d6 3. d4 cxd4 4. Nxd4 Nf6 5. Nc3 e6 6. Bg5 Be7 7. Qd2 a6 8.
O-O-O b5 9. Bxf6 Bxf6 10. Nf3 Be7 11. Kb1 Qc7 12. Bxb5+ axb5 13. Nxb5 Qc4 14.
Nxd6+ Bxd6 15. Qxd6 Qxa2+ 16. Kc1 Qa1+ 17. Kd2 Qa5+ 18. Ke3 Nd7 19. Ra1 Qb6+
20. Qxb6 Nxb6 21. Rxa8 Nxa8 22. Ra1 Nb6 23. b3 O-O 24. c4 f5 25. c5 fxe4 26.
Kxe4 Bb7+ 27. Ke5 Rf5+ 28. Kd6 Nc8+ 29. Kc7 Bxf3 30. gxf3 Rxc5+ 31. Kd7 Kf7 32.
b4 Rc3 33. b5 Nb6+ 34. Kd6 Nd5 35. Rb1 Rxf3 36. b6 Nxb6 37. Rxb6 Rxf2 38. Rb3
Kf6 39. h4 Rd2+ 40. Kc5 Rh2 41. Rb4 h5 42. Kd6 Rd2+ 43. Kc5 Kf5 44. Kc4 Rg2 45.
Kd3 Rg4 0-1

[Event "177th open MGU 17-18 December 2016"]
[Site "Sofia"]
[Date "2016.12.18"]
[Round "5.4"]
[White "Georgiev, Nikolay Zh."]
[Black "Tenev, Bogdan"]
[Result "1-0"]
[WhiteElo "1594"]
[BlackElo "1459"]
[PlyCount "99"]
[EventDate "2016.12.17"]
[EventType "swiss"]
[EventRounds "6"]
[EventCountry "BUL"]

1. e4 e5 2. Nc3 Nc6 3. Bc4 d6 4. d3 Na5 5. Bb3 Nxb3 6. axb3 c6 7. Be3 b6 8. f4
g6 9. fxe5 dxe5 10. Nge2 Bg7 11. O-O Ne7 12. Qd2 O-O 13. Ra2 Bb7 14. Ng3 Qd7
15. Rfa1 f5 16. exf5 Nxf5 17. Nxf5 Qxf5 18. Qe2 c5 19. Rxa7 Rxa7 20. Rxa7 Bc6
21. Na4 Bxa4 22. Rxa4 Qc8 23. Bf2 Qc6 24. Qe4 Qf6 25. Qe2 Qc6 26. Re4 Ra8 27.
h3 Re8 28. b4 cxb4 29. Rxb4 b5 30. c3 h5 31. Qe4 Qxe4 32. Rxe4 Rd8 33. d4 exd4
34. Bxd4 Bxd4+ 35. Rxd4 Rxd4 36. cxd4 Kf7 37. Kf2 Ke6 38. Ke3 g5 39. Ke4 g4 40.
hxg4 hxg4 41. Kf4 Kd5 42. Kxg4 Kxd4 43. Kf4 Kd3 44. g4 Kc2 45. g5 Kxb2 46. g6
b4 47. g7 b3 48. g8=Q Kc2 49. Qc4+ Kb2 50. Ke3 1-0

[Event "177th open MGU 17-18 December 2016"]
[Site "Sofia"]
[Date "2016.12.18"]
[Round "6.1"]
[White "Kostov, Nikolay"]
[Black "Gelemerov, Yane"]
[Result "0-1"]
[WhiteElo "1702"]
[BlackElo "2007"]
[PlyCount "46"]
[EventDate "2016.12.17"]
[EventType "swiss"]
[EventRounds "6"]
[EventCountry "BUL"]

1. d4 Nf6 2. c4 d6 3. g3 Nbd7 4. Bg2 e5 5. e3 Be7 6. Nc3 c6 7. Nge2 O-O 8. O-O
Qc7 9. f4 Re8 10. fxe5 dxe5 11. Qc2 Nb6 12. b3 Bg4 13. Kh1 Rad8 14. Bb2 Bh5 15.
dxe5 Bg6 16. Qc1 Ng4 17. e6 fxe6 18. Bh3 h5 19. Nf4 Bf7 20. Ne4 e5 21. Ng2 Bg6
22. Nf2 Nxf2+ 23. Rxf2 Bg5 0-1

[Event "177th open MGU 17-18 December 2016"]
[Site "Sofia"]
[Date "2016.12.18"]
[Round "6.2"]
[White "Andreev, Dobrotich"]
[Black "Georgiev, Nikolay Zh."]
[Result "1-0"]
[WhiteElo "1973"]
[BlackElo "1594"]
[PlyCount "49"]
[EventDate "2016.12.17"]
[EventType "swiss"]
[EventRounds "6"]
[EventCountry "BUL"]

1. e4 e5 2. Nf3 Nc6 3. Bb5 Bc5 4. O-O Qf6 5. c3 Bb6 6. d4 exd4 7. e5 Qg6 8.
cxd4 Nb4 9. a3 Nd5 10. Nc3 Nge7 11. Bc4 c6 12. Bd3 Nxc3 13. bxc3 Qh5 14. Qc2
Bc7 15. Bf4 Nd5 16. Bg3 Qh6 17. c4 Nf4 18. Bxf4 Qxf4 19. d5 d6 20. exd6 Bxd6
21. Rfe1+ Kf8 22. c5 Be7 23. Re4 Qf6 24. Rae1 Bf5 25. Rxe7 1-0

[Event "177th open MGU 17-18 December 2016"]
[Site "Sofia"]
[Date "2016.12.18"]
[Round "6.5"]
[White "Ilichov, Ivan"]
[Black "Punchev, Ivan"]
[Result "0-1"]
[WhiteElo "1378"]
[BlackElo "1762"]
[PlyCount "64"]
[EventDate "2016.12.17"]
[EventType "swiss"]
[EventRounds "6"]
[EventCountry "BUL"]

1. e4 e5 2. Nf3 f5 3. Nxe5 Qe7 4. Qh5+ g6 5. Nxg6 Qxe4+ 6. Be2 Nf6 7. Qh3 Rg8
8. Nf4 Qxf4 9. g3 Qe4 10. Rg1 d5 11. d3 Qa4 12. Kd1 Be6 13. Bh5+ Kd7 14. Nc3
Qa6 15. Re1 Be7 16. Bf3 Nc6 17. Bf4 Nd4 18. Bh1 Rac8 19. f3 Bf7 20. Be5 c5 21.
Kd2 Be6 22. Qh6 Rg6 23. Qh3 Nc6 24. f4 d4 25. Nb1 Qb6 26. Na3 Qb4+ 27. Ke2 Ng4
28. Nc4 Bxc4 29. dxc4 Qxc4+ 30. Kd2 Nb4 31. Rac1 Rh6 32. Qg2 Rxh2 0-1